000 05111cam a2200325 i 4500
001 9802819
003 CaAEU
005 20260512145735.0
008 191006t20202013ne a b 001 0 eng d
020 _a9789063695408
_q(Paperback)
035 _aon1122187965
040 _aYDX
_beng
_erda
_cYDX
_dOCLCQ
_dQGY
_dNLMAA
_dOCLCQ
_dOCLCO
_dUVV
_dOCLCO
_dOCLCF
_dUAB
_dAEU
050 4 _aTS171
_b.D44 2020
245 0 0 _aDelft design guide
_b: perspectives, models, approaches, methods
_c/ Delft University of Technology, Faculty of Industrial Design Engineering ; editors, Annemiek van Boeijen, Jaap Daalhuizen, Jelle Zijlstra.
250 _aRevised edition.
264 1 _aAmsterdam, The Netherlands :
_bBIS Publishers,
_c2020.
264 4 _c©2013
300 _a223 pages :
_billustrations (some color) ;
_c26 cm
500 _aFirst edition: ©2013.
504 _aIncludes bibliographical references and index.
505 _aPERSPECTIVES — Design for Health & Wellbeing — Design for Sustainability — Design for Behavioural Change — Design for Emotion — Design for the Majority — Culture-Sensitive Design — Speculative Design — More-Than-Human Design — Skilful Co-design — Visualising Interactions — Design Drawing as a Language — MODELS — Reasoning in Design — Basic Design Cycle — Product Innovation Process — Agile Design & Development — Integrated Creative Problem Solving — Needs and Aspirations for Design & Innovation — APPROACHES — User-Centred Design — Social Implication Design — Co-design & Co-creation — Anthropometric Design — Vision in (Product) Design — Context Variation by Design — Service Design — Persuasive Game Design — Lean Start-up — Material Driven Design — Data-Centric Design — Design Roadmapping — METHODS: DISCOVER — Contextmapping — Thing Ethnography — Cultural Probes — User Observations — Interviews — Questionnaires — Focus Groups — Ecodesign Strategy Wheel — Ecodesign Checklist — Fast Track Life Cycle Analysis — SWOT & Search Areas — Trend Foresight — Brand DNA — WWWWWH — Design Drawing to Discover METHODS: DEFINE — Persona — Cultura — Problem Definition — Function Analysis — Product Life Cycle — List of Requirements — Mind Mapping — Journey Mapping — Product Journey Mapping — Project Value Modelling — Business Modelling — Sustainable Business Modelling — Future Visioning — Ansoff Growth Matrix — Segmentation-Targeting-Positioning — VRIO Analysis — Porter’s Five Forces — Perceptual Map — Collage — Storyboarding — Written Scenario — Design Drawing to Define — METHODS: DEVELOP & DELIVER — Analogies & Metaphors — Biomimicry — Synectics — Brainstorming & Brainwriting — Braindrawing — Morphological Chart — SCAMPER — How-Tos — Harris Profile — EVR Decision Matrix — C-Box — vALUe, IR & PMI — Datum Method — Weighted Objectives — Storytelling — Usage Analytics — Comfort Evaluation — PrEmo & Photo-Elicitation — Role-Playing — Product Usability Evaluation — Product Concept Evaluation — Cost Price Estimation — Prototype Reflection Cards — Cinematic Prototyping — Design Drawing to Develop — Experience Prototyping — Wizard of Oz — Design Drawing to Deliver — 3D Physical Models — Technical Documentation.
520 _aDelft Design Guide provides an overview of the perspectives, models, approaches, and methods used in the bachelor's and master's curriculum of Industrial Design Engineering at Delft University of Technology (TU Delft). Some of these are unique to the university, others are well known and are used by designers worldwide. Designing products and services at this faculty is considered a systematic and structured activity, deliberately and purposefully, and with moments of increased creativity. The methods and techniques are each described in a practical one-page text, illustrated for further clarification and enriched with images that should encourage reflection and further reading. Design students can use the book as a reference guide in their design projects and in managing their personal development. Design teachers can use the book as a reference guide to assist students in learning a method. Design professionals can use the book as a reference guide to support their design processes.
650 0 _aIndustrial design
_98293
700 _aBoeijen, Annemiek van,
_eeditor.
_4edt
_924874
700 _aDaalhuizen, Jaap,
_eeditor.
_4edt
_924875
700 _aZijlstra, Jelle
_c(Head of the Motion department, Design Academy Eindhoven),
_eeditor.
_4edt
710 _aTechnische Universiteit Delft.
_bFaculteit van het Industrieel Ontwerpen,
_eauthor.
942 _2lcc
949 _aTS 171 D44 2020
_hUAHS-B
_i0162034059624
_zCOUTTS_COP
999 _c4524
_d4524